000 01939nam0a22003371 4500
001 v19\rc\1598157
005 20260406212441.0
035 _a(NLR Aleph) 004721129
090 _a4334079
_c4334079
100 _a20061002d1895 |||y0rusy50 ca
101 0 _arus
102 _aRU
105 _ay b |||||
200 1 _aКаталог книг Русского отделения Туркестанской публичной библиотеки
_fСост. Н.В. Дмитровский
210 _aСанкт-Петербург
_d[1895]
215 _a[2], 469 с.
_d24
311 _aПервый дополнительный каталог/Сост. А. Николаева. Т. 1-2, 1905 (шифр: Д)
311 _aВторой дополнительный каталог/Сост. И.П. Зыков, 1907 (шифр: Д)
421 0 _11010#$arus
_12001#$aПервый дополнительный каталог$fСост. А. Николаева. Т. 1-2
_1210##$d1905
_1899##$aNLR$jDesideratum
_1899##$aRuMoRGB$jW 269/158
_1899##$aRuMoRGB$jR 11/643
_1899##$aRuMoRGB$jФ 1-54/4154
_tПервый дополнительный каталог
421 0 _11010#$arus
_12001#$aВторой дополнительный каталог$fСост. И.П. Зыков
_1210##$d1907
_1215##$a91 с.
_1899##$aNLR$jDesideratum
_1899##$aRuMoRGB$jW 269/158
_1899##$aRuMoRGB$jR 11/643
_1899##$aRuMoRGB$jФ 1-54/4154
_tВторой дополнительный каталог
702 1 _aДмитровский
_bН.В.
_f1841-1910
_gНиколай Васильевич
_4220
710 0 2 _aТуркестанская публичная б-ка
_cТашкент
_3RU\NLR\AUTH\889969837
_9435955
801 0 _aRU
_bNLR
_gpsbo
801 0 _aRU
_bRuMoRGB
_2psbo
801 1 _aRU
_bProSoft-M
_2rusmarc
852 _aNLR
_bБ
_j9420/Т252
899 _aRuMoRGB
_jW 269/158
899 _aRuMoRGB
_jR 11/643
899 _aRuMoRGB
_jФ 1-54/4154
942 _cBOOK
980 _aNB